书目信息 |
| 题名: |
矿石放射性分析资料汇编
|
|
| 作者: | ;湖南二三0研究所 编 | |
| 分册: | ||
| 出版信息: | 北京 原子能出版社 1978 |
|
| 页数: | 265页 | |
| 开本: | 19cm | |
| 丛书名: | ||
| 单 册: | ||
| 中图分类: | P619.1 | |
| 科图分类: | ||
| 主题词: | 矿石-放射性分析--汇编 , 放射性分析-矿石--汇编 | |
| 电子资源: | ||
| ISBN: | ||
| 000 | 00733nam0 2200241 45 | |
| 001 | 0178005449 | |
| 005 | 20060509104518.85 | |
| 010 | @dCNY0.80 | |
| 091 | @a15175.188 | |
| 100 | @a19950726d1978 kemy0chiy0121 ea | |
| 101 | 0 | @achi |
| 102 | @aCN@b110000 | |
| 105 | @ay z 000yy | |
| 200 | 10 | @a矿石放射性分析资料汇编@Akuang shi fang she xing fen xi zi liao hui bian@f湖南二三0研究所编@Fhu nan er san 0 yan jiu suo bian |
| 210 | @a北京@c原子能出版社@d1978 | |
| 215 | @a265页@d19cm | |
| 300 | @a国内发行 | |
| 606 | @a矿石-放射性分析@x汇编 | |
| 606 | @a放射性分析-矿石@x汇编 | |
| 690 | @aP619.1@v3 | |
| 711 | 02 | @a湖南二三0研究所@Ahu nan er san ling yan jiu suo@4编 |
| 801 | 0 | @aCN@bTSSF@c20060509 |
| 905 | @a10447@dP619.1@e1 | |
| 矿石放射性分析资料汇编/湖南二三0研究所编.-北京:原子能出版社,1978 |
| 265页;19cm |
| 国内发行 |
| ISBN :CNY0.80 |
| ● |
| 相关链接 |
|
|
|
|
正题名:矿石放射性分析资料汇编
索取号:P619.1/1
 
预约/预借
| 序号 | 登录号 | 条形码 | 馆藏地/架位号 | 状态 | 备注 |
| 1 | 0004601 | 202291420 | 密集书库/ [索取号:P619.1/1] | 在馆 | |
| 2 | 0004602 | 202333439 | 密集书库/ [索取号:P619.1/1] | 在馆 |